[Event "URU-chT3"]
[Site "Montevideo"]
[Date "2023.07.21"]
[Round "1.2"]
[White "Morales Mazzone, Leandro"]
[Black "Ledesma, Sebastian"]
[Result "1/2-1/2"]
[WhiteElo "1525"]
[BlackElo "1911"]
[PlyCount "54"]
[EventDate "2023.07.21"]
[EventType "swiss"]
[EventRounds "5"]
[EventCountry "URU"]
[SourceTitle "EXT 2024"]
[Source "ChessBase"]
[SourceDate "2023.10.10"]
[SourceVersion "1"]
[SourceVersionDate "2023.10.10"]
[SourceQuality "1"]
[WhiteTeam "Mijail Tal U20"]
[BlackTeam "Lacoz"]
[WhiteTeamCountry "URU"]
[BlackTeamCountry "URU"]

1. c4 e5 2. g3 Nc6 3. Bg2 f5 4. e3 Nf6 5. Ne2 g6 6. Nbc3 Bg7 7. 0-0 0-0 8. d4 d6 9. dxe5 dxe5 10. b3 e4 11. Ba3 Re8 12. Qxd8 Rxd8 13. Rad1 Be6 14. Nb5 Ne8 15. Ned4 Nxd4 16. Nxd4 Bf7 17. f3 exf3 18. Bxf3 c6 19. Rd3 Rd7 20. Rfd1 Kh8 21. Ne2 Rxd3 22. Rxd3 Nf6 23. Bb2 Re8 24. Bxf6 Bxf6 25. Rd7 Re7 26. Rxe7 Bxe7 27. e4 Bc5+ 1/2-1/2

[Event "Montevideo op"]
[Site "Montevideo"]
[Date "2023.03.08"]
[Round "2"]
[White "Araque, Jairo"]
[Black "Morales Mazzone, Leandro"]
[Result "1-0"]
[WhiteElo "1954"]
[BlackElo "1552"]
[PlyCount "71"]
[EventDate "2023.03.01"]
[EventType "swiss"]
[EventRounds "5"]
[EventCountry "URU"]
[SourceTitle "EXT 2024"]
[Source "ChessBase"]
[SourceDate "2023.10.10"]
[SourceVersion "1"]
[SourceVersionDate "2023.10.10"]
[SourceQuality "1"]

1. d4 Nf6 2. Bf4 e6 3. e3 c5 4. c3 d5 5. Nf3 Bd6 6. Ne5 Nc6 7. Bg3 0-0 8. f4 Ne4 9. Nd2 Bxe5 10. dxe5 Nxd2 11. Qxd2 a6 12. Bd3 d4 13. 0-0-0 dxc3 14. Qxc3 Qa5 15. Qxa5 Nxa5 16. Be1 Nc6 17. Be4 Rd8 18. Ba5 Rd7 19. Bxc6 bxc6 20. Rxd7 Bxd7 21. Rd1 Be8 22. Bb6 c4 23. Rd4 Rb8 24. Bc5 h6 25. Rxc4 Rd8 26. b4 Ra8 27. Rc3 Rb8 28. Rd3 Kh7 29. Ra3 Ra8 30. Kd2 Bd7 31. Kc3 f6 32. exf6 gxf6 33. Bd4 Kg6 34. Kc4 Rb8 35. Rxa6 c5 36. Kxc5 1-0

[Event "Montevideo Duchamp Cup 6th"]
[Site "Montevideo"]
[Date "2023.02.11"]
[Round "9"]
[White "Steiner, Matias"]
[Black "Morales Mazzone, Leandro"]
[Result "1/2-1/2"]
[WhiteElo "1655"]
[BlackElo "1437"]
[PlyCount "70"]
[EventDate "2023.02.03"]
[EventType "swiss"]
[EventRounds "9"]
[EventCountry "URU"]
[SourceTitle "CBM 212 Extra"]
[Source "ChessBase"]
[SourceDate "2023.03.31"]
[SourceVersion "1"]
[SourceVersionDate "2023.03.31"]
[SourceQuality "1"]

1. e4 c6 2. d4 d5 3. exd5 cxd5 4. Nf3 Nf6 5. Bf4 Bf5 6. c4 e6 7. a3 Bd6 8. Bxd6 Qxd6 9. Nc3 0-0 10. Be2 dxc4 11. Bxc4 Nbd7 12. 0-0 Nb6 13. Bb3 Nbd5 14. Nxd5 Nxd5 15. h3 b5 16. Re1 a5 17. Nh4 Bg6 18. Nxg6 hxg6 19. Qe2 b4 20. Qe5 Qxe5 21. dxe5 bxa3 22. Rxa3 Nb4 23. Rea1 Nc6 24. Bc2 Rab8 25. Be4 Nxe5 26. Rxa5 Nc4 27. Ra7 Nd2 28. Bd3 Rfd8 29. Be2 Rxb2 30. Ra8 Rf8 31. Rxf8+ Kxf8 32. Ra8+ Ke7 33. Ra7+ Kf6 34. Bd3 Rb3 35. Rd7 Nb1 1/2-1/2

[Event "Montevideo Trebejos 50 Anniv op"]
[Site "Montevideo"]
[Date "2022.09.19"]
[Round "3"]
[White "Fabra, Nahiara"]
[Black "Morales Mazzone, Leandro"]
[Result "0-1"]
[WhiteElo "1521"]
[BlackElo "1382"]
[PlyCount "94"]
[EventDate "2022.09.17"]
[EventType "swiss"]
[EventRounds "9"]
[EventCountry "URU"]
[SourceTitle "EXT 2023"]
[Source "ChessBase"]
[SourceDate "2022.10.05"]
[SourceVersion "1"]
[SourceVersionDate "2022.10.05"]
[SourceQuality "1"]

1. e4 c5 2. d4 cxd4 3. c3 dxc3 4. Nxc3 Nc6 5. Nf3 d6 6. Bc4 a6 7. 0-0 Nf6 8. Qe2 Bg4 9. Rd1 e6 10. Bf4 Qb8 11. Rac1 Be7 12. h3 Bxf3 13. Qxf3 0-0 14. Be2 Nd7 15. Qg3 Nde5 16. Be3 Qd8 17. Bc5 b6 18. Be3 Na5 19. Bf4 f6 20. Bxe5 fxe5 21. Qg4 Rf6 22. b4 Nc6 23. Bc4 Nd4 24. Ne2 Rg6 25. Qh5 Rg5 26. Nxd4 Rxh5 27. Nxe6 Qb8 28. Nf4+ Kh8 29. Nxh5 Qe8 30. Ng3 Bg5 31. Rc3 Rc8 32. Bf7 Qd7 33. Rxd6 Qb7 34. Rcd3 Qxf7 35. Rd7 Qxa2 36. Nf5 Qb1+ 37. Kh2 g6 38. Nd6 Rf8 39. Rf3 Rxf3 40. gxf3 Qa2 41. Nf7+ Kg8 42. Nxg5 Qxf2+ 43. Kh1 Qe1+ 44. Kg2 Qxb4 45. Nxh7 Qb5 46. Kg3 a5 47. Kg4 Qxd7+ 0-1

[Event "Montevideo Trebejos 50 Anniv op"]
[Site "Montevideo"]
[Date "2022.09.18"]
[Round "2"]
[White "Kaciusis, Daniel"]
[Black "Morales Mazzone, Leandro"]
[Result "1-0"]
[WhiteElo "1706"]
[BlackElo "1382"]
[PlyCount "84"]
[EventDate "2022.09.17"]
[EventType "swiss"]
[EventRounds "9"]
[EventCountry "URU"]
[SourceTitle "EXT 2023"]
[Source "ChessBase"]
[SourceDate "2022.10.05"]
[SourceVersion "1"]
[SourceVersionDate "2022.10.05"]
[SourceQuality "1"]

1. c4 c6 2. d4 d5 3. cxd5 cxd5 4. Nc3 Nf6 5. Bg5 Nc6 6. Bxf6 exf6 7. Nf3 Bb4 8. Qc2 0-0 9. e3 Re8 10. Be2 Be6 11. 0-0 Rc8 12. Rac1 Na5 13. Qa4 Bxc3 14. Rxc3 Rxc3 15. bxc3 a6 16. Rb1 b5 17. Qb4 Bf5 18. Ra1 Bc2 19. Nd2 Nc4 20. Nb3 Qd6 21. Nc5 a5 22. Qxb5 Rb8 23. Qa6 Qxa6 24. Nxa6 Rb2 25. Bxc4 dxc4 26. f3 Bd3 27. e4 g6 28. d5 f5 29. Nc5 fxe4 30. fxe4 f5 31. e5 Rb5 32. Nd7 Kf7 33. Nf6 Be4 34. Nxe4 fxe4 35. Rd1 e3 36. Kf1 Rb2 37. Re1 Rf2+ 38. Kg1 Rd2 39. d6 e2 40. Kf2 Ke6 41. Rxe2 Rxe2+ 42. Kxe2 h5 1-0